Pete et répète fume un pete Pete Pete et Pete répète qui Pete - Statistiques

Statistiques générales
  • Ce quiz a été pris 24 fois
  • Le résultat moyen est 6 sur 115
Statistiques - réponses
Hint Réponse % Correct
Bon toutou
82%
D
68%
A
64%
B
59%
C
59%
F
55%
La réponse à la dernière question c’est tumbalatum. Copie cette dernière phrase. La réponse à la dernière question c’est tumbalatum
45%
Tout tout tout rcoin
36%
1
32%
Prout
18%
Grandu
14%
Caca
9%
Brésil
5%
Gay
5%
Maelle
5%
Malena
5%
Malenovski
5%
Oui
5%
-15% sur mon onlyfan avec le code dizi86 https://onlyfanilianbenmostefa.com
0%
27
0%
42
0%
Ah
0%
Ah là on est bien
0%
Alexis Sanchez
0%
Al tamari
0%
Anal +
0%
Asperger
0%
Autiste
0%
Bae
0%
Baki doumpied
0%
Bangui
0%
Banjul
0%
Bichkek
0%
Caca caca caca caca
0%
Canal +*
0%
Ça va nier
0%
Cédric baysangur
0%
Chama Samu desde 1987 o Regay Madrid Toma no cu chama Samu ehhh jsuis petit j’ai un grand coeur je sais que tu sais pas lire le foot et que je suis pas le meilleur de ma génération et je suis pas ton ami je sais pas ce que tu
0%
Coin coin je suis à la maison
0%
Cubarsi
0%
Dit caca 4 fois
0%
Dj lorenzo ft quevedo
0%
Espagnol
0%
Fait tout moi ça
0%
Fake
0%
Fc goa
0%
Février
0%
FIFA ballon d’or
0%
Flop
0%
Gaytaga da o cuzinho
0%
Goa goa goa goa tu va trop loin j’ai pas assez la gorge là vraiment
0%
Gotaga a gitega
0%
Hala patrid
0%
Hisashiburidanamugiwara
0%
Huski
0%
Inoxtag qui chie avec le bout de l’Everest dans le cul
0%
J’ai 17%
0%
J’aime
0%
J’ai pas d’idée pour celle là
0%
Janvier
0%
Je m’en fout
0%
Je suis ton père ou ta mère mais je suis pas une keh
0%
Katmandou
0%
Khapta le weekend elle fume la chicha khaloud
0%
Lamine yahmal
0%
Le bourdon
0%
Leicestelll wola
0%
Les
0%
Magnifiak ma chérie
0%
Maître Yoka
0%
Malena au ski
0%
Manger
0%
Marathonien
0%
Mario balon de tennis
0%
Marlon mohamed
0%
Mascate
0%
Minuit
0%
M&ms
0%
Moi
0%
Naps a dm ma prof de français il lui a dit tia les yeux tarpin ouvert
0%
Noir
0%
Non mais tu connais quand tu te met en couple ça fait tout tout seul la date elle est marquante genre le 27 ça c’est fait tt seul et les jours qui ont suivi tout montrer le 27 jsuis aller voir ma mère elle avait 27 téton mon père 27 cheveux mon frère 27 ans et moi j’avais 27 cm de prépuce trop relou pour le sexe faut remonter les manches surtout quand tu lance le live de pfut et que sa teinture blonde t’excite pas t’es obligé de lancer le live de kameto ce gros lard pour rompre avec ta sœur en vrai vas-y genre tu connais joelpostbad namibien il est noir Mskn y a personne qui peut le test il fait des live irl a lilongwe dommage il fait pas des test qi sur la moto de jean pormanov parce que il est gay
0%
Noooonnnnnn
0%
Obanda
0%
Obando
0%
Oh
0%
Oh je bande
0%
Oh minceee shiper a été chiper
0%
Oh oh tiens voilà quelqu’un petit neuille tout brun
0%
Oliviers
0%
Pablo escobar
0%
Paraplégique
0%
Poutinosvski
0%
Quevedo
0%
Receba
0%
Redouane bout de baguera
0%
Saul niggers
0%
Siuuuuu
0%
Ski au Malena
0%
Toni yoda
0%
Tout le monde déteste Chris tiano ronaldo
0%
True
0%
Trump
0%
Tu te sens combien ?
0%
Tu va bien ?
0%
Va prendre l’air dehors freure
0%
Vendredi
0%
Vendredi 2
0%
Vendredi nwar
0%
Visca barca y Visca catalunya
0%
Vitor caillou
0%
Vomito
0%
Vrai
0%
Whisky
0%
Zeyzey ohohoahh aujourd’hui je suis fatigué je t’ai regardé vomir si ma voix peut t’apaiser je crierais toute la nuit et t’élevais orange oh renne orange oreille naps okay
0%
Aucun quiz correspondant
Distribution des résultats
% des personnes avec chaque résultat
Percentile par nombre de réponses
Votre historique - résultats
Vous n’avez pas pris ce quiz